ბათუმის შოთა რუსთაველის სახელმწიფო უნივერსიტეტის ბიბლიოთეკა

ძველი აღმოსავლეთის სახელმწიფოებისა და სამართლის ისტორია : (ბიბ.ჩანაწერი № 59498)

000 -ლიდერი
ფიქსირებული სიგრძის საკონტროლო ველი 01362nam a22002057a 4500
003 - საკონტროლო ნომრის იდენტიფიკატორი
საკონტროლო ველი Ge_BSU
005 - ბოლო ოპერაციის თარიღი და დრო
საკონტროლო ველი 20230301121329.0
008 - ფიქსირებული სიგრძის მონაცემთა ელემენტები - ზოგადი ინფორმაცია
ფიქსირებული სიგრძის საკონტროლო ველი 230301s2001 ge ||||| |||| 00| 0 geo d
041 ## - ენის კოდი
Language code of text/sound track or separate title geo
080 ## - უნივერსალური ათობითი კლასიფიკაციის ინდექსი
Universal Decimal Classification number 34(3-11) ფ-97
100 ## - მთავარი ჩანაწერი - პიროვნების სახელი
Personal name ფუტკარაია, ჯამბულ
9 (RLIN) 16611
245 ## - ცნობა სათაურის შესახებ
Title ძველი აღმოსავლეთის სახელმწიფოებისა და სამართლის ისტორია :
Remainder of title (ახლო აღმოსავლეთის მონათმფლობელური ქვეყნები)
Statement of responsibility, etc ჯამბულ ფუტკარაია ; რედაქტორი: დ.ჯგერენაია ; თბილისის ბიზნესის სახელმწიფო ინსტიტუტი.
264 ## - წარმოების, გამოცემის, დისტრიბუციის და სხვა ცნობები
გამოცემის, წარმოების, დისტრიბუციის... ადგილი თბილისი :
გამოცემის, წარმოების, დისტრიბუციის... სახელწოდება მარჯი,
გამოცემის, წარმოების, დისტრიბუციის... თარიღი 2001.
300 ## - ფიზიკური აღწერა
Extent 69 გვ.;
Other physical details 21 სმ.
653 ## - INDEX TERM--UNCONTROLLED
Uncontrolled term ძველი აღმოსავლეთის ისტორია
653 ## - INDEX TERM--UNCONTROLLED
Uncontrolled term ძველი აღმოსავლეთის სამართლის ისტორია
700 ## - ADDED ENTRY--PERSONAL NAME
Personal name ჯგერენაია, დ.
Relator term რედაქტორი
9 (RLIN) 17088
710 ## - ADDED ENTRY--CORPORATE NAME
Corporate name or jurisdiction name as entry element თბილისის ბიზნესის სახელმწიფო ინსტიტუტი
9 (RLIN) 17089
942 ## - ADDED ENTRY ELEMENTS (KOHA)
Source of classification or shelving scheme
Koha item type წიგნი
ეგზემპლარები
ჩამოწერის სტატუსი დაკარგული ეგზემპლარის სტატუსი კლასიფიკაციის წყარო ან თაროზე გაწყობის სქემა დაზიანების სტატუსი არ გაიცემა მუდმივი მდებარეობა (დაცვის ადგილი) ამჟამინდელი ადგილსამყოფელი თაროზე განთავსების ადგილი შეძენის თარიღი ღირებულება, შესყიდვის ნორმალური ფასი სრული შენახვის შიფრი შტრიხკოდი ბოლო ოპერაციის თარიღი ეგზემპლარის მიმდევრობითი ნომერი (კეტერი?) ფასის ძალაში შესვლის თარიღი ეგზემპლარის სახეობა საჯარო შენიშვნა
          ბათუმის შოთა რუსთაველის სახელმწიფო უნივერსიტეტის მთავარი ბიბლიოთეკა ბათუმის შოთა რუსთაველის სახელმწიფო უნივერსიტეტის მთავარი ბიბლიოთეკა წიგნსაცავი 2023-03-01 3.00 34(09) ფ-97 63941 2023-03-01 63941 2023-03-01 წიგნი 3 ლ.
          ბათუმის შოთა რუსთაველის სახელმწიფო უნივერსიტეტის მთავარი ბიბლიოთეკა ბათუმის შოთა რუსთაველის სახელმწიფო უნივერსიტეტის მთავარი ბიბლიოთეკა წიგნსაცავი 2023-03-01 3.00 34(09) ფ-97 63942 2023-03-01 63942 2023-03-01 წიგნი 3 ლ.